[Event "FRA-chT1A 0809"]
[Site "France"]
[Date "2008.12.13"]
[Round "4.5"]
[White "Ravot, Sylvain"]
[Black "Planell, Eric"]
[Result "1/2-1/2"]
[WhiteElo "2277"]
[BlackElo "2160"]
[PlyCount "70"]
[EventDate "2008.10.19"]
[EventType "team-tourn"]
[EventRounds "11"]
[EventCountry "FRA"]
[SourceTitle "EXT 2010"]
[Source "ChessBase"]
[SourceDate "2010.11.25"]
[SourceVersion "1"]
[SourceVersionDate "2010.11.25"]
[SourceQuality "1"]
[WhiteTeam "Lyon Olympique"]
[BlackTeam "Toulouse"]
[WhiteTeamCountry "FRA"]
[BlackTeamCountry "FRA"]

1. e4 e6 2. d4 d5 3. Nd2 dxe4 4. Nxe4 Nd7 5. Nf3 Ngf6 6. Nxf6+ Nxf6 7. Bg5 c5 8. Bd3 Qa5+ 9. Qd2 Qxd2+ 10. Bxd2 Bd7 11. dxc5 Bxc5 12. Ne5 0-0 13. Nxd7 Nxd7 14. Bc3 Nb6 15. Be4 Na4 16. Bxb7 Rab8 17. Ba6 Nxb2 18. 0-0 Rb6 19. Be2 Na4 20. Ba5 Rb2 21. Bc4 Bb4 22. Bb3 Bxa5 23. Bxa4 Rb4 24. Bb3 Rd4 25. Rad1 Rfd8 26. c4 Bb6 27. Rxd4 Rxd4 28. Rc1 Bc5 29. Rd1 Kf8 30. Rxd4 Bxd4 31. Kf1 Ke7 32. Ke2 Kd6 33. Bc2 h6 34. f3 Kc5 35. Bh7 Kxc4 1/2-1/2

[Event "FRA-chT2 0304"]
[Site "France"]
[Date "2004.03.14"]
[Round "9"]
[White "Cornette, Matthieu"]
[Black "Planell, Eric"]
[Result "1-0"]
[WhiteElo "2392"]
[BlackElo "2192"]
[PlyCount "55"]
[EventDate "2003.10.??"]
[EventType "team"]
[EventRounds "11"]
[EventCountry "FRA"]
[SourceTitle "EXT 2005"]
[Source "ChessBase"]
[SourceDate "2004.11.15"]
[SourceVersion "1"]
[SourceVersionDate "2004.11.15"]
[SourceQuality "1"]

1. e4 c6 2. d4 d5 3. f3 e6 4. Nc3 Bb4 5. Bf4 Ne7 6. Nge2 Ng6 7. Bg3 Nd7 8. a3 Be7 9. Qd3 a5 10. Nf4 Nxf4 11. Bxf4 b6 12. Qe3 0-0 13. 0-0-0 Ba6 14. Bxa6 Rxa6 15. h4 b5 16. exd5 b4 17. Qd3 Ra7 18. Ne4 cxd5 19. Ng5 g6 20. a4 Re8 21. Nxh7 Kxh7 22. h5 Rh8 23. hxg6+ Kg7 24. gxf7 Bg5 25. Qe3 Bxf4 26. Qxf4 Nf6 27. g4 Rxf7 28. Qg5+ 1-0

[Event "Nice Winter op 18th"]
[Site "Nice"]
[Date "2002.12.27"]
[Round "2"]
[White "Genov, Petar"]
[Black "Planell, Eric"]
[Result "1-0"]
[WhiteElo "2515"]
[BlackElo "2225"]
[PlyCount "70"]
[EventDate "2002.12.26"]
[EventType "swiss"]
[EventRounds "7"]
[EventCountry "FRA"]
[SourceTitle "CBM 091 Extra"]
[Source "ChessBase"]
[SourceDate "2003.01.09"]
[SourceVersion "1"]
[SourceVersionDate "2003.01.09"]
[SourceQuality "1"]

1. d4 d5 2. c4 dxc4 3. Nf3 Nf6 4. Nc3 e6 5. e4 a6 6. Bg5 Be7 7. Bxc4 0-0 8. 0-0 b5 9. Bd3 Bb7 10. Qe2 Nfd7 11. Bxe7 Qxe7 12. e5 c5 13. Be4 Nc6 14. d5 Na5 15. Rad1 h6 16. b3 Rac8 17. d6 Qd8 18. Bxb7 Nxb7 19. Nd2 Qa5 20. Rc1 Nd8 21. f4 Nc6 22. Nf3 Qb4 23. Ne4 a5 24. Qe3 Ncb8 25. Rc2 Rc6 26. Rfc1 Rfc8 27. h3 Qa3 28. Qe2 Na6 29. Nd4 Nb4 30. Nxb5 Nxc2 31. Nxa3 Nxa3 32. Nd2 a4 33. bxa4 Ra8 34. Qf3 Rca6 35. Qxa3 Rxa4 1-0

[Event "FRA-chT2W 0203"]
[Site "France"]
[Date "2002.11.17"]
[Round "3"]
[White "Roumegous, Etienne"]
[Black "Planell, Eric"]
[Result "0-1"]
[WhiteElo "2113"]
[BlackElo "2225"]
[PlyCount "66"]
[EventDate "2002.10.??"]
[EventType "team"]
[EventRounds "11"]
[EventCountry "FRA"]
[SourceTitle "EXT 2004"]
[Source "ChessBase"]
[SourceDate "2003.11.25"]
[SourceVersion "1"]
[SourceVersionDate "2003.11.25"]
[SourceQuality "1"]
[WhiteTeam "Evry II"]
[BlackTeam "Nantes"]
[WhiteTeamCountry "FRA"]
[BlackTeamCountry "FRA"]

1. d4 d5 2. c4 dxc4 3. e3 e6 4. Bxc4 Nf6 5. Nf3 c5 6. 0-0 a6 7. Nc3 Nc6 8. Re1 Be7 9. a3 0-0 10. dxc5 Bxc5 11. b4 Bd6 12. Bb2 Qc7 13. Qe2 b5 14. Bb3 Bb7 15. Rac1 Rac8 16. h3 h6 17. e4 Bf4 18. Rc2 Qb6 19. e5 Nd7 20. Nb1 a5 21. Rd1 Rcd8 22. Kh1 axb4 23. axb4 Ndxe5 24. Nxe5 Rxd1+ 25. Qxd1 Bxe5 26. Bxe5 Nxe5 27. Rc5 Rd8 28. Qh5 Nd3 29. Rxb5 Bxg2+ 30. Kxg2 Qxf2+ 31. Kh1 Qf1+ 32. Kh2 Qf4+ 33. Kg1 Qg3+ 0-1

[Event "FRA-chT2W 0203"]
[Site "France"]
[Date "2002.11.16"]
[Round "2"]
[White "Reinaldo Castineira, Roi"]
[Black "Planell, Eric"]
[Result "1-0"]
[WhiteElo "2412"]
[BlackElo "2225"]
[PlyCount "63"]
[EventDate "2002.10.??"]
[EventType "team"]
[EventRounds "11"]
[EventCountry "FRA"]
[SourceTitle "EXT 2004"]
[Source "ChessBase"]
[SourceDate "2003.11.25"]
[SourceVersion "1"]
[SourceVersionDate "2003.11.25"]
[SourceQuality "1"]
[WhiteTeam "Evry"]
[BlackTeam "Nantes"]
[WhiteTeamCountry "FRA"]
[BlackTeamCountry "FRA"]

1. e4 c6 2. Nc3 d5 3. Nf3 Bg4 4. h3 Bh5 5. exd5 cxd5 6. Bb5+ Nc6 7. g4 Bg6 8. Ne5 Rc8 9. d4 f6 10. Nxg6 hxg6 11. Qd3 Kf7 12. Nxd5 e6 13. Nf4 Nxd4 14. Qxg6+ Ke7 15. Bd3 Nf3+ 16. Kf1 Ne5 17. Qe4 g5 18. Ng6+ Nxg6 19. Qxg6 Qd5 20. Qe4 Qxe4 21. Bxe4 Nh6 22. Be3 b6 23. a4 Kf7 24. a5 f5 25. gxf5 exf5 26. Bd5+ Kg6 27. axb6 axb6 28. c4 Bc5 29. Bd2 Ng8 30. Rg1 Be7 31. Ra6 Bd8 32. Bxg5 1-0

[Event "Saint Affrique op 09th"]
[Site "Saint Affrique"]
[Date "2001.07.23"]
[Round "3.1"]
[White "Degraeve, Jean Marc"]
[Black "Planell, Eric"]
[Result "1-0"]
[WhiteElo "2602"]
[BlackElo "2220"]
[PlyCount "47"]
[EventDate "2001.07.??"]
[EventType "swiss"]
[EventRounds "9"]
[EventCountry "FRA"]
[SourceTitle "EXT 2003"]
[Source "ChessBase"]
[SourceDate "2002.11.25"]
[SourceVersion "1"]
[SourceVersionDate "2002.11.25"]
[SourceQuality "1"]

1. e4 c5 2. Nf3 d6 3. d4 cxd4 4. Qxd4 Nc6 5. Bb5 Bd7 6. Bxc6 Bxc6 7. Nc3 Nf6 8. Bg5 Nd7 9. 0-0-0 Qb6 10. Qd2 Qa5 11. Kb1 Nb6 12. Qd3 Rc8 13. Rhe1 Na4 14. Nxa4 Bxa4 15. b3 Bb5 16. c4 Bd7 17. e5 g6 18. exd6 Bf5 19. d7+ Kd8 20. dxc8Q+ Kxc8 21. Re4 Bg7 22. Bc1 Qc3 23. Qxc3 Bxc3 24. Ng5 1-0